| 000 | 00782cam a2200205 4500 | ||
|---|---|---|---|
| 001 | WS109077 | ||
| 008 | 000000n 000 0 eng u | ||
| 035 | _a(Sirsi) u109077 | ||
| 110 |
_aCounsellors of Real Estate _93952 |
||
| 245 | _aCounsellors of Real Estate | ||
| 520 | _aWeb site for this 'international group of real estate professionals who provide advisory services to clients on property and land-related matters'. Includes details of their publications and press releases. | ||
| 650 | _aUSA | ||
| 650 | _aREAL ESTATE | ||
| 650 | _aORGANISATION | ||
| 650 | _aINTERNATIONAL | ||
| 650 | _aCOMMERCIAL | ||
| 690 | _aMANAGEMENT-BUSINESS MANAGEMENT-PROFESSIONAL PRACTICE | ||
| 856 | 4 | 0 |
_uhttps://www.cre.org _zView the website free of charge at www.cre.org... |
| 942 | _n0 | ||
| 999 |
_c119697 _d119697 |
||